Central Library OPAC University of Rajshahi

সমাজবিজ্ঞানে পরিসংখ্যান পদ্ধতি / (Record no. 44275)

MARC details
000 -LEADER
fixed length control field 01044nam a2200253 a 4500
001 - CONTROL NUMBER
control field 44275
003 - CONTROL NUMBER IDENTIFIER
rucl marc code BD-RjUL
005 - DATE AND TIME OF LATEST TRANSACTION
control field 20211209053829.0
008 - FIXED-LENGTH DATA ELEMENTS--GENERAL INFORMATION
fixed length control field 160716r19921997bg ||||| |||| 00| 0 ben d
020 ## - INTERNATIONAL STANDARD BOOK NUMBER
International Standard Book Number 9840736116
Terms of availability : TK 130.00
035 ## - SYSTEM CONTROL NUMBER
System control number (BD-RjUL)44393
040 ## - CATALOGING SOURCE
Original cataloging agency BD-RjUL
Language of cataloging ben
Transcribing agency BD-RjUL
041 ## - LANGUAGE CODE
Language code of text/sound track or separate title ben
082 ## - DEWEY DECIMAL CLASSIFICATION NUMBER
Edition number 23
Classification number 301.0727
Author mark and year NAS 1997
100 ## - MAIN ENTRY--PERSONAL NAME
Personal name নকী, সৈয়দ আলী
9 (RLIN) 117076
245 10 - TITLE STATEMENT
Title সমাজবিজ্ঞানে পরিসংখ্যান পদ্ধতি /
Statement of responsibility, etc. সৈয়দ আলী নকী
250 ## - EDITION STATEMENT
Edition statement ৩য় সং.
260 ## - PUBLICATION, DISTRIBUTION, ETC. (IMPRINT)
Place of publication, distribution, etc. ঢাকা :
Name of publisher, distributor, etc. বাংলা একাডেমী,
Date of publication, distribution, etc. ১৯৯২ [মুদ্রণ ১৯৯৭]
300 ## - PHYSICAL DESCRIPTION
Pagination [১৬] ৩৬৭ পৃ. :
Illustrations চিত্র ;
Size ২২ সেমি.
500 ## - GENERAL NOTE
General note নির্ঘন্ট সংযুক্ত
650 ## - SUBJECT ADDED ENTRY--TOPICAL TERM
Topical term or geographic name as entry element সমাজবিজ্ঞান
Form subdivision পরিসংখ্যান পদ্ধতি
9 (RLIN) 117077
Topical term or geographic name as entry element Sociology
Form subdivision Statistical methods
9 (RLIN) 117078
942 ## - ADDED ENTRY ELEMENTS (KOHA)
Source of classification or shelving scheme Dewey Decimal Classification
Koha item type Books
Holdings
Lost status Source of classification or shelving scheme Damaged status Not for loan Collection code Permanent Location Current Location Shelving location Date acquired Source of acquisition Cost, normal purchase price Total Checkouts Full call number Date last seen Copy number Koha item type
  Dewey Decimal Classification     Non-fiction Central Library, University of Rajshahi Central Library, University of Rajshahi   17/08/2009 Bangla Academy, Dhaka 130.00   B 301.0727 NAS 1997 16/07/2016 C-2 Books
  Dewey Decimal Classification   Not For Loan Non-fiction Central Library, University of Rajshahi Central Library, University of Rajshahi Reading Room 20/11/2022 Bangla Academy     301.0727 NAS 1997 20/11/2022 C-1 Books